LEADER 01093nam a2200265 i 4500 001 000000190232 003 CaOOAMICUS 005 20150721000000.0 008 150721n it u000 u ita u 013 $a168598 040 $aSeMil$bita 100 0 $aBonaventura : da Bagnorea,$c.$0(OLS)http://semarc/name/89172 245 10$aVerso Dio :$bitinerarium mentis in Deum /$csan Bonaventura ; traduzione di M. Barbano. 260 $aMilano :$bS. Lega Eucaristica,$cstampa 1924. 300 $a70 p. ;$c17 cm. 490 0 $aI compagni dell'anima ;$v2 500 $aFondo card. Giovanni Colombo. 700 1 $aBarbano, Maria.$0(OLS)http://semarc/name/42515 830 2$aI compagni dell'anima ;$v2.$0(OLS)http://semarc/title/40854 850 $aSeMil 852 $aSeMil$W1$xVenegono$y1$m3GC I 401$j140860$B140860$CSeMilBibl$Z2$F152446 $8B 941 1 $a3 961 $aLascito: Colombo Card. Giovanni 996 $6245$aVerso Dio :$bitinerarium mentis in Deum$9(OLS)http://semarc/title/274053 996 $6260$aMilano :$bS. Lega Eucaristica$9(OLS)http://semarc/publisher/33613 LEADER 01263nam a2200217 i 4500 001 000000078480 003 CaOOAMICUS 005 20170120000000.0 008 170120n it u000 u ita u 013 $a50717 026 $alaad 0504 a,i- prdi (3) 1679 (A) 040 $aSeMil$bita 245 10$aOpere pie di Roma, descritte secondo lo stato presente, e dedicate alla santità di nostro signore Innocenzo 11. dall'abbate Carlo Bartolomeo Piazza degli Oblati di Milano, e consultore della Sacra Congregazione dell'Indice. 300 $a[24], 788, [2] p. ;$c4º. 500 $aSegn.: a-c4 A-5E4 5F6 chi1. - Iniz. xilogr. - Fregio xilogr. sul front. 650 4$aOpere pie - Roma.$0(OLS)http://semarc/subject/45137 700 1 $aPiazza, Carlo Bartolomeo,$d<1632-1713>.$0(OLS)http://semarc/name/13434 710 0 $aBussotti, Giovanni Battista .$0(OLS)http://semarc/name/91046 850 $aSeMil 852 $aSeMil$W1$xVenegono$y1$m3P II 3 FA$j44398$B44398$CSeMilBibl$Z2$F46076 $8I 996 $6245$aOpere pie di Roma, descritte secondo lo stato presente, e dedicate alla santità di nostro signore Innocenzo 11. dall'abbate Carlo Bartolomeo Piazza degli Oblati di Milano, e consultore della Sacra Congregazione dell'Indice$9(OLS)http://semarc/title/402924